000 00311nam a22001457a 4500
008 230707b ||||| |||| 00| 0 eng d
020 _a9780691089409
041 _aeng
080 _a159.9
082 _a159.9BAB
100 _a25
101 _aPSI
245 _aWOMEN DON'T ASK
_cBABCOCK.L
942 _2udc
_cBK
999 _c60129
_d60129